[Event "Bogota Bonita op"]
[Site "Bogota"]
[Date "2019.09.29"]
[Round "6"]
[White "Gomez Gonzalez, Juan Esteban"]
[Black "Reyes Pinzon, Isabella"]
[Result "1-0"]
[WhiteElo "1507"]
[BlackElo "1221"]
[PlyCount "61"]
[EventDate "2019.09.26"]
[EventType "swiss"]
[EventRounds "7"]
[EventCountry "COL"]
[SourceTitle "EXT 2020"]
[Source "ChessBase"]
[SourceDate "2019.10.17"]
[SourceVersion "1"]
[SourceVersionDate "2019.10.17"]
[SourceQuality "1"]

1. d4 d5 2. c4 c6 3. cxd5 cxd5 4. Nf3 Nf6 5. Bf4 Bf5 6. e3 e6 7. Nc3 Be7 8. Bxb8 Rxb8 9. Bb5+ Nd7 10. Ne5 Ra8 11. Nxd7 a6 12. Nb6+ axb5 13. Nxa8 Qxa8 14. Nxb5 0-0 15. 0-0 Rc8 16. Rc1 Rd8 17. Rc7 Kf8 18. Qb3 Qa5 19. Rfc1 g6 20. f3 g5 21. Rc8 Rxc8 22. Rxc8+ Kg7 23. Nc3 e5 24. Rb8 Bd6 25. Rxb7 exd4 26. exd4 Bf4 27. Qxd5 Qxd5 28. Nxd5 Bd6 29. a4 Bc8 30. Rb6 Bf8 31. a5 1-0